Popular Christmas Foods from Cartoon Pictures - Statistics

General Stats
  • This quiz has been taken 113 times
  • The average score is 10 of 16
Answer Stats
Picture Answer % Correct
Gingerbread Cookie
96%
Candy Cane
95%
Hot Chocolate
94%
Ham
89%
Yule Log
77%
Eggnog
72%
Fruitcake
71%
Lasagna
71%
Cranberry Sauce
65%
Deviled Eggs
64%
Pecan Pie
57%
Pudding
47%
Mashed Potatoes
45%
Pavlova
37%
Panettone
36%
Tamales
32%
No matching quizzes found
Score Distribution
Percent of People with Each Score
Percentile by Number Answered
Your Score History
You have not taken this quiz